Evaluation of isocyanate and blocked isocyanate bonding systems in selective fibre/elastomer composites (Record no. 47192)

MARC details
000 -LEADER
fixed length control field 01947nam a2200265Ia 4500
100 ## - MAIN ENTRY--AUTHOR NAME
Personal name Guha A
245 #0 - TITLE STATEMENT
Title Evaluation of isocyanate and blocked isocyanate bonding systems in selective fibre/elastomer composites
260 ## - PUBLICATION, DISTRIBUTION, ETC. (IMPRINT)
Name of publisher Indian Journal of Natural Rubber Research
Year of publication 1993
300 ## - PHYSICAL DESCRIPTION
Number of Pages 123-130
520 ## - SUMMARY, ETC.
Summary, etc This paper investigates the use of a commercially available carpolactam blocked methylenebis-(4-phenylisopcyanate) along with RFL as a bonding agent for cord/fabrics made with nylon-66, polyester and aramid under different conditions, with special reference to the influence of heat and steama ageing on adhesion. An attempt has also been made to compare the present bonding agent with the conventional dipping techniques. All the dipping systems studied showed good adhesion with NR and SBR compounds. In most of the dipping systems the SBR compound had better adhesion compared to the NR compound. The blocked isocyanate/RFL adhesive system showed an appreciable drop in H-pullout adhesion compared to unblocked isocyanate and RFL system. However, peel adhesion was remarkably better for the former with both compounds in the case of nylon fabrics. No significant change in adhesion was observed by the incorporation of epoxy compounds in blocked isocyanate/RFL adhesive system. Excellent adhesion retention was observed after ageing of fibres treated with blocked isocyanate/RFL system compared to unblocked isocyanate/RFL system in both the rubber compounds.
650 ## - SUBJECT ADDED ENTRY--TOPICAL TERM
Topical Term Adhesion strength
650 ## - SUBJECT ADDED ENTRY--TOPICAL TERM
Topical Term Adhesion strength
650 ## - SUBJECT ADDED ENTRY--TOPICAL TERM
Topical Term Composites
650 ## - SUBJECT ADDED ENTRY--TOPICAL TERM
Topical Term Composites
650 ## - SUBJECT ADDED ENTRY--TOPICAL TERM
Topical Term Cord/fabric-rubber bonding
650 ## - SUBJECT ADDED ENTRY--TOPICAL TERM
Topical Term Cord/fabric-rubber bonding
650 ## - SUBJECT ADDED ENTRY--TOPICAL TERM
Topical Term Natural rubber
650 ## - SUBJECT ADDED ENTRY--TOPICAL TERM
Topical Term Natural rubber
650 ## - SUBJECT ADDED ENTRY--TOPICAL TERM
Topical Term Styrene-butadiene rubber
650 ## - SUBJECT ADDED ENTRY--TOPICAL TERM
Topical Term Styrene-butadiene rubber
700 ## - ADDED ENTRY--PERSONAL NAME
Personal name Ghosh A K
700 ## - ADDED ENTRY--PERSONAL NAME
Personal name Ghosh R N
942 ## - ADDED ENTRY ELEMENTS (KOHA)
Koha item type Articles
Holdings
Withdrawn status Lost status Damaged status Not for loan Home library Current library Shelving location Date acquired Serial Enumeration / chronology Koha item type
      Articles RRII Library RRII Library Rubber technology 20/12/2021 Volume 6, Issue 1&2 Articles